Open Data Biblioteca Nacional de Portugal


República Portuguesa: Ministério da Cultura
Biblioteca Nacional de Portugal

Catálogo da BNP: acesso por Identificadores Unívocos
Registos Bibliográficos associados ao registo de autoridade

Etiqueta de registo: 00000nkm 2200025 450
001 2280662
003 http://id.bnportugal.gov.pt/bib/catbnp/2280662
100 ## $a20260316d1979 m y0pory01030103ba
101 0# $apor
102 ## $aPT
200 1# $a1ª Mostra do filme para a infância e juventude de Tomar, 25, 26, 27 e 28 de janeiro de 1979$bVisual gráfico]$fCentro de Cultura Popular de Tomar
210 #9 $aCoimbra$cCasa da Cultura da Juventude de Coimbra,$d1979
215 ## $a1 cartaz$ccolor.$d48x30 cm
303 ## $aO evento integra a programçaõ do Ano Internacional da Criança
317 ## $aColeção Madeira Luís
710 01 $aMostra do Filme para a Infância e Juventude de Tomar,$d1,$f1979$31991653
712 02 $aCentro de Cultura Popular de Tomar$3971684
801 #0 $aPT$bBN$gRPC
966 ## $lBN$mICONOG$sCT. 16740 V.$x3
971 ## $cCaticonografia6$d20260316
972 ## $d20260421 $e1$vmferro$z0
995 ## $aPRR2026

OpendataBNP@bnportugal.pt | Mais informação sobre acesso aos dados BNP